KATSEYE - Paroles Touch - Statistiques

Statistiques générales
  • Ce quiz a été pris 178 fois
  • Le résultat moyen est 245 sur 375
Statistiques - réponses
Hint Réponse % Correct
(Woo)
99%
to
98%
Intro Touch,
98%
touch,
98%
touch
98%
Couplet 1 Monday,
87%
a
86%
(Ah
86%
Ah)
86%
I
86%
much,
85%
much
85%
Oh,
84%
(Ooh
84%
ooh)
84%
ya
82%
you
82%
You
82%
'bout
77%
so
75%
So
75%
was
75%
Tuesday,
74%
my
73%
too
73%
Too
73%
us,
72%
us
72%
love,
71%
'Cause
69%
'cause
69%
the
69%
about
67%
been
67%
out
67%
way
65%
I'm
63%
of
63%
Over,
63%
phone
62%
some
62%
tonight
62%
on
61%
Friday,
59%
window
59%
alone
58%
but
58%
Refrain But
58%
dreaming
58%
sometimes
58%
close
57%
moon
56%
in
55%
Thought
55%
Thursday,
55%
say?
54%
say
54%
say,
54%
Stare
52%
time
52%
baby,
51%
And
50%
and
50%
had
49%
night
49%
one
49%
waiting
49%
can
48%
seem
48%
Two
48%
young
47%
bored
46%
do
46%
days,
45%
it
45%
waste
45%
what
45%
overthinking
44%
up,
44%
up
44%
Come
43%
don't
43%
getting
43%
fun
42%
makes
42%
call
41%
good
41%
near
40%
press
40%
Yeah,
40%
advice
39%
here
38%
again,
37%
anymore
37%
ever
37%
from
37%
interest
37%
Weekend,
37%
comes
36%
If
36%
ignore
36%
were
36%
already
35%
cold
35%
moving
35%
sorry
35%
before
34%
heard
34%
losing
34%
something
33%
you're
33%
could've
32%
Promise
32%
slow
32%
wasn't
32%
Couplet 2 First,
29%
missed
29%
gonna
28%
hearing
28%
story
28%
there
27%
won't
27%
different
26%
messed
25%
went
25%
ain't
23%
with
21%
Aucun quiz correspondant
Distribution des résultats
% des personnes avec chaque résultat
Percentile par nombre de réponses
Votre historique - résultats
Vous n’avez pas pris ce quiz